000 00329nam a22001457a 4500
003 SGT
020 _a978-81-926525-9-7
082 _a615.53
_bA19P
100 _aPATIL,SANJAY SAKHARAM
245 _aAYURVEDA SAMUCHAYA
260 _aNEW DELHI
_bCHAUKHAMBA PUB
_c2019
300 _a232
650 _aAYURVEDA
942 _2ddc
_cBK
_039
999 _c16632
_d16632